Globalizačné procesy a ich vplyv na proces vzdelávania

Globalizačné riziká, nezamestnanosť mladých ľudí a identifikácia potreby začleniť podnikateľské vzdelávanie do vzdelávacieho procesu.

Salvato in:
Dettagli Bibliografici
Autore principale: Vidová, Jarmila, 1967-
Natura: Capitolo di libro
Lingua:slovacco
Soggetti:
Tags: Aggiungi Tag
Nessun Tag, puoi essere il primo ad aggiungerne!!

MARC

LEADER 00000nla a2200000 4500
001 0246769
005 20240502101931.0
041 0 |a slo 
044 |a CZ 
245 1 0 |a Globalizačné procesy a ich vplyv na proces vzdelávania  |c Jarmila Vidová 
520 |a Globalizačné riziká, nezamestnanosť mladých ľudí a identifikácia potreby začleniť podnikateľské vzdelávanie do vzdelávacieho procesu. 
610 2 0 |a globalizácia 
610 2 0 |a vzdelávanie 
610 2 0 |a produktivita práce 
610 2 0 |a kapitál ľudský 
610 2 0 |a prostredie podnikateľské 
100 1 |a Vidová, Jarmila, 1967-